U.S. States That are the Highest Percent British - Statistics

General Stats
  • This quiz has been taken 12 times
  • The average score is 12 of 15
Answer Stats
% Answer % Correct
0.72 Oregon
100%
1.1 Utah
100%
0.63 Washington
100%
0.44 Arizona
90%
0.64 Maine
90%
0.5 New Hampshire
90%
0.71 Vermont
90%
0.52 Wyoming
90%
0.41 Montana
80%
0.49 Virginia
80%
0.65 Alaska
70%
0.57 Idaho
70%
0.53 Colorado
60%
0.43 New Mexico
60%
0.41 Oklahoma
50%
No matching quizzes found
Score Distribution
Percent of People with Each Score
Percentile by Number Answered
Your Score History
You have not taken this quiz